[Event "Medellin Antioquia-ch"]
[Site "Medellin"]
[Date "2024.05.03"]
[Round "4"]
[White "Perez Tangarife, Simon"]
[Black "Negron Lizarazo, Juan Sebastian"]
[Result "1/2-1/2"]
[WhiteElo "1755"]
[BlackElo "1836"]
[PlyCount "98"]
[EventDate "2024.05.01"]
[EventType "swiss"]
[EventRounds "7"]
[EventCountry "COL"]
[SourceTitle "CB20_2024"]
[SourceDate "2024.05.16"]
[SourceVersion "1"]
[SourceVersionDate "2024.05.16"]
[SourceQuality "1"]

1. c4 g6 2. Nc3 Bg7 3. e4 c5 4. d3 Nc6 5. Be3 d6 6. Qd2 Nf6 7. Be2 Bd7 8. h4 h5 9. f3 a6 10. Nh3 Nd4 11. Bd1 Ne6 12. Ng5 Qa5 13. 0-0 Qc7 14. f4 Nxg5 15. fxg5 Ng4 16. Bxg4 Bxg4 17. Nd5 Qd8 18. d4 b6 19. b4 0-0 20. Rab1 cxd4 21. Bxd4 Bxd4+ 22. Qxd4 b5 23. c5 Rc8 24. Rb2 Be6 25. Rd2 dxc5 26. bxc5 Bxd5 27. exd5 Qc7 28. d6 exd6 29. cxd6 Qd7 30. Rf6 Rc4 31. Qd5 Kg7 32. Qe5 Kg8 33. Rdf2 Re8 34. Qa1 Rce4 35. Qc3 Rc4 36. Qd2 Rce4 37. Qd5 Re1+ 38. Kh2 R1e6 39. Rxf7 Qxd6+ 40. Qxd6 Rxd6 41. Ra7 Rf8 42. Re2 Rf7 43. Ra8+ Kg7 44. Ree8 Rfd7 45. Rh8 a5 46. Rh6 Rd8 47. Rxa5 b4 48. Rb5 Rd4 49. Kg3 R8d5 1/2-1/2

[Event "COL-ch sf"]
[Site "Pereira"]
[Date "2024.03.29"]
[Round "7"]
[White "Perez Tangarife, Simon"]
[Black "Suarez Zapata, Hernando"]
[Result "0-1"]
[WhiteElo "1847"]
[BlackElo "1920"]
[PlyCount "50"]
[EventDate "2024.03.26"]
[EventType "swiss"]
[EventRounds "11"]
[EventCountry "COL"]
[SourceTitle "CB14_2024"]
[SourceDate "2024.04.01"]
[SourceVersion "1"]
[SourceVersionDate "2024.04.01"]
[SourceQuality "1"]

1. c4 c5 2. Nc3 Nc6 3. e4 e5 4. Nge2 d6 5. d3 f5 6. g3 Be7 7. Bg2 Nf6 8. h3 0-0 9. 0-0 h6 10. f4 fxe4 11. dxe4 Be6 12. Nd5 Nd4 13. fxe5 dxe5 14. g4 Bxd5 15. exd5 Nh7 16. Rxf8+ Qxf8 17. Ng3 Bh4 18. Ne4 b6 19. Be3 Nf6 20. Nd2 Qd6 21. Bxd4 exd4 22. Nf3 Bg3 23. Qd3 Re8 24. Rf1 Ne4 25. Ne5 Bh2+ 0-1

[Event "COL-ch U20"]
[Site "Cali"]
[Date "2024.03.02"]
[Round "7"]
[White "Cruz, Juan Stevan"]
[Black "Perez Tangarife, Simon"]
[Result "0-1"]
[WhiteElo "1324"]
[BlackElo "1745"]
[PlyCount "56"]
[EventDate "2024.02.28"]
[EventType "swiss"]
[EventRounds "9"]
[EventCountry "COL"]
[SourceTitle "CB11_2024"]
[SourceDate "2024.03.13"]
[SourceVersion "1"]
[SourceVersionDate "2024.03.13"]
[SourceQuality "1"]

1. b3 e5 2. Bb2 Nc6 3. e3 Nf6 4. Bb5 Qe7 5. Nf3 e4 6. Nd4 Nxd4 7. Bxd4 c6 8. Be2 d5 9. d3 Qc7 10. a3 Bd6 11. h3 Bf5 12. dxe4 Bxe4 13. Bxf6 gxf6 14. Bf3 0-0-0 15. Nd2 Rhg8 16. g4 Be5 17. Rb1 Bc3 18. Qe2 Qa5 19. b4 Qxa3 20. 0-0 Bxd2 21. Qxd2 Bxf3 22. Ra1 Qb2 23. Qd3 Qe5 24. Rxa7 Bxg4 25. Ra8+ Kc7 26. Rxd8 Kxd8 27. Qxh7 Rg5 28. Qh8+ Ke7 0-1

[Event "COL-ch U20"]
[Site "Cali"]
[Date "2024.03.01"]
[Round "5"]
[White "Perez Tangarife, Simon"]
[Black "Varela Sanchez, David Yoel"]
[Result "0-1"]
[WhiteElo "1745"]
[BlackElo "1491"]
[PlyCount "108"]
[EventDate "2024.02.28"]
[EventType "swiss"]
[EventRounds "9"]
[EventCountry "COL"]
[SourceTitle "CB11_2024"]
[SourceDate "2024.03.13"]
[SourceVersion "1"]
[SourceVersionDate "2024.03.13"]
[SourceQuality "1"]

1. c4 e6 2. Nc3 d5 3. cxd5 exd5 4. d4 c6 5. Bf4 Bf5 6. e3 Bd6 7. Bxd6 Qxd6 8. Bd3 Bxd3 9. Qxd3 Nf6 10. Nge2 0-0 11. Ng3 Re8 12. 0-0 Nbd7 13. f3 h5 14. e4 dxe4 15. fxe4 Rad8 16. Nf5 Qf8 17. Qg3 g6 18. e5 Ng4 19. h3 Nh6 20. Nd6 Re7 21. Nce4 Re6 22. Ng5 Rxd6 23. exd6 Qg7 24. Rae1 Qxd4+ 25. Kh1 h4 26. Qb3 Nc5 27. Qf3 Nf5 28. Rf2 Nd3 29. Rfe2 Nxe1 30. Rxe1 Qxd6 31. Ne4 Ng3+ 32. Kg1 Nxe4 33. Qxe4 Qd4+ 34. Qxd4 Rxd4 35. Re7 Rb4 36. b3 a5 37. Rc7 a4 38. bxa4 Rxa4 39. Rxb7 Rxa2 40. Rb4 g5 41. Rc4 Ra6 42. Kf2 Kg7 43. Kf3 Kg6 44. Rd4 c5 45. Rc4 Rc6 46. Ke4 Re6+ 47. Kf3 Re5 48. Ra4 Kf5 49. Ra6 Re4 50. Rc6 Rc4 51. Ke3 f6 52. Kd3 Rc1 53. Kd2 Rg1 54. Rxc5+ Kg6 0-1

[Event "Medellin de La Raza U2000 op"]
[Site "Medellin"]
[Date "2023.10.16"]
[Round "8"]
[White "Fernandez, Andres2"]
[Black "Perez Tangarife, Simon"]
[Result "0-1"]
[WhiteElo "1438"]
[BlackElo "1686"]
[PlyCount "54"]
[EventDate "2023.10.12"]
[EventType "swiss"]
[EventRounds "9"]
[EventCountry "COL"]
[SourceTitle "Mega2024 Update 01"]
[Source "Chessbase"]
[SourceDate "2023.11.12"]
[SourceVersion "1"]
[SourceVersionDate "2023.11.12"]
[SourceQuality "1"]

1. e4 Nf6 2. e5 Nd5 3. d4 d6 4. c4 Nb6 5. f4 dxe5 6. fxe5 Bf5 7. Nc3 e6 8. Be3 Nc6 9. h3 Bb4 10. Rc1 Qh4+ 11. Bf2 Qe4+ 12. Qe2 0-0-0 13. Qxe4 Bxe4 14. a3 Bxc3+ 15. bxc3 Na5 16. c5 Nd5 17. c4 Nb3 18. cxd5 Nxc1 19. Kd2 Nb3+ 20. Kc3 Bxd5 21. Bc4 Bxc4 22. Kxc4 Nd2+ 23. Kd3 Nb3 24. Kc3 Na5 25. Nf3 Nc6 26. Ng5 Rd7 27. Rd1 Nxe5 0-1

[Event "Medellin de La Raza U2000 op"]
[Site "Medellin"]
[Date "2023.10.14"]
[Round "5"]
[White "Perez Tangarife, Simon"]
[Black "Jimenez Jaramillo, Jhoyner"]
[Result "1-0"]
[WhiteElo "1686"]
[BlackElo "1914"]
[PlyCount "97"]
[EventDate "2023.10.12"]
[EventType "swiss"]
[EventRounds "9"]
[EventCountry "COL"]
[SourceTitle "Mega2024 Update 01"]
[Source "Chessbase"]
[SourceDate "2023.11.12"]
[SourceVersion "1"]
[SourceVersionDate "2023.11.12"]
[SourceQuality "1"]

1. c4 Nf6 2. Nc3 c5 3. e4 Nc6 4. Nge2 d6 5. d4 cxd4 6. Nxd4 Bd7 7. Be2 g6 8. Be3 Bg7 9. f3 0-0 10. 0-0 a6 11. Qd2 Rb8 12. a3 b5 13. Nxc6 Bxc6 14. cxb5 axb5 15. b4 Qd7 16. Bh6 Qa7+ 17. Be3 Qb7 18. Bh6 Rfc8 19. Bxg7 Kxg7 20. a4 bxa4 21. b5 Be8 22. Rxa4 Qc7 23. Rc4 Qb6+ 24. Kh1 Rxc4 25. Bxc4 Qc5 26. Be2 Rc8 27. Rc1 Qb4 28. h3 Rc5 29. Rc2 Qb3 30. Bd3 h6 31. Kh2 Bd7 32. Rc1 Qb4 33. Rc2 g5 34. Ne2 Qxd2 35. Rxd2 Bxb5 36. Bxb5 Rxb5 37. Nd4 Rb7 38. Nf5+ Kg6 39. Rc2 d5 40. Ng3 e6 41. exd5 exd5 42. Ne2 h5 43. g4 Rb3 44. Kg2 hxg4 45. hxg4 Rd3 46. Rc6 Rd2 47. Kf2 Rd3 48. Ng3 Ra3 49. Nh5 1-0

[Event "Medellin Antioquia-ch"]
[Site "Medellin"]
[Date "2023.04.26"]
[Round "6"]
[White "Perez Tangarife, Simon"]
[Black "Fernandez, Andres2222"]
[Result "1-0"]
[WhiteElo "1543"]
[BlackElo "1551"]
[PlyCount "79"]
[EventDate "2023.04.18"]
[EventType "swiss"]
[EventRounds "7"]
[EventCountry "COL"]
[SourceTitle "EXT 2024"]
[Source "ChessBase"]
[SourceDate "2023.10.10"]
[SourceVersion "1"]
[SourceVersionDate "2023.10.10"]
[SourceQuality "1"]

1. c4 f5 2. Nc3 Nf6 3. g3 g6 4. Bg2 Bg7 5. d4 d6 6. Nh3 0-0 7. f3 e5 8. d5 Nbd7 9. e4 a5 10. 0-0 Nc5 11. Be3 Nfd7 12. Nf2 f4 13. Bc1 g5 14. Nd3 h5 15. Nxc5 Nxc5 16. Na4 h4 17. g4 Nxa4 18. Qxa4 Qe8 19. Qc2 b6 20. Bd2 a4 21. b4 axb3 22. axb3 Bb7 23. b4 Qe7 24. Rfc1 Rxa1 25. Rxa1 Ra8 26. Rxa8+ Bxa8 27. Qa4 Qd8 28. Qa7 Qc8 29. c5 Qb7 30. Qa3 bxc5 31. bxc5 Bf8 32. c6 Qb8 33. Bf1 Qb6+ 34. Kg2 h3+ 35. Kxh3 Qf2 36. Qd3 Kg7 37. Qe2 Qxe2 38. Bxe2 Be7 39. Ba6 Bxc6 40. dxc6 1-0

[Event "Medellin Easter op 11th"]
[Site "Medellin"]
[Date "2023.04.06"]
[Round "3"]
[White "Perez Tangarife, Simon"]
[Black "Ochoa Ospina, Oscar Jaime"]
[Result "1-0"]
[WhiteElo "1543"]
[BlackElo "1544"]
[PlyCount "63"]
[EventDate "2023.04.05"]
[EventType "swiss"]
[EventRounds "7"]
[EventCountry "COL"]
[SourceTitle "CBM 213 Extra"]
[Source "ChessBase"]
[SourceDate "2023.05.31"]
[SourceVersion "1"]
[SourceVersionDate "2023.05.31"]
[SourceQuality "1"]

1. c4 e5 2. Nc3 Nf6 3. g3 c6 4. Bg2 Be7 5. Nf3 d6 6. 0-0 0-0 7. d4 e4 8. Ne1 d5 9. cxd5 cxd5 10. f3 Nc6 11. Nc2 exf3 12. Bxf3 Be6 13. e4 dxe4 14. Nxe4 Qb6 15. Be3 Nd5 16. Bf2 Qxb2 17. Rb1 Qxa2 18. Rxb7 Rab8 19. Nc5 Rxb7 20. Nxb7 Rb8 21. Nc5 Rb2 22. Nxe6 fxe6 23. Ne3 Rd2 24. Qc1 Nxd4 25. Qc8+ Bf8 26. Bxd5 exd5 27. Be1 h6 28. Rxf8+ Kh7 29. Rh8+ Kg6 30. Qe8+ Kg5 31. h4+ Kf6 32. Rf8# 1-0

[Event "Sabaneta op-B 1st"]
[Site "Sabaneta"]
[Date "2022.11.29"]
[Round "7"]
[White "Perez Tangarife, Simon"]
[Black "Suarez Zapata, Hernando"]
[Result "0-1"]
[WhiteElo "1448"]
[BlackElo "1912"]
[PlyCount "66"]
[EventDate "2022.11.25"]
[EventType "swiss"]
[EventRounds "8"]
[EventCountry "COL"]
[SourceTitle "CBM 211 Extra"]
[Source "ChessBase"]
[SourceDate "2023.01.31"]
[SourceVersion "1"]
[SourceVersionDate "2023.01.31"]
[SourceQuality "1"]

1. c4 c5 2. Nc3 Nc6 3. g3 g6 4. Bg2 Bg7 5. Nf3 e6 6. 0-0 Nge7 7. e3 0-0 8. d4 cxd4 9. Nxd4 a6 10. a3 Qc7 11. b3 Rb8 12. Bb2 b6 13. Rc1 Bb7 14. Nxc6 Bxc6 15. Bxc6 Qxc6 16. Na4 Bxb2 17. Nxb2 e5 18. Nd3 Qe4 19. Nb4 Rbd8 20. Nd5 Nxd5 21. Qxd5 Qxd5 22. cxd5 Rc8 23. Rfd1 f5 24. d6 Kf7 25. f4 e4 26. Kg2 Ke6 27. Kh3 Rc6 28. Kh4 Rfc8 29. Rxc6 Rxc6 30. Kg5 Rxd6 31. Rxd6+ Kxd6 32. Kh6 Ke6 33. Kxh7 Kf6 0-1

[Event "Medellin Feria de las Flores op"]
[Site "Medellin"]
[Date "2022.08.06"]
[Round "6"]
[White "Perez Tangarife, Simon"]
[Black "Caicedo Anguila, Juliana Andrea"]
[Result "0-1"]
[WhiteElo "1477"]
[BlackElo "1591"]
[PlyCount "59"]
[EventDate "2022.08.03"]
[EventType "swiss"]
[EventRounds "9"]
[EventCountry "COL"]
[SourceTitle "CBM 209 Extra"]
[Source "ChessBase"]
[SourceDate "2022.09.30"]
[SourceVersion "1"]
[SourceVersionDate "2022.09.30"]
[SourceQuality "1"]

1. c4 e6 2. Nc3 d5 3. d4 c6 4. f3 dxc4 5. e4 b5 6. a4 Bb4 7. Nge2 Bb7 8. Kf2 a6 9. h4 Ne7 10. Rh3 f5 11. Nf4 Qd7 12. Be3 0-0 13. Rg3 Rf7 14. h5 Bd6 15. Qd2 e5 16. dxe5 Bxe5 17. Qc2 Qc7 18. Nce2 fxe4 19. Qxe4 c5 20. Qc2 Nd5 21. Qd2 Nxf4 22. Nxf4 Bxf4 23. Bxf4 Qxf4 24. Qd8+ Rf8 25. Qe7 Qd4+ 26. Ke1 Nc6 27. Qxb7 Rfe8+ 28. Be2 Qg1+ 29. Kd2 Rad8+ 30. Kc3 0-1

[Event "Medellin Aristizabal Cup"]
[Site "Medellin"]
[Date "2022.07.11"]
[Round "6"]
[White "Leon Acevedo, Juan Alejandro"]
[Black "Perez Tangarife, Simon"]
[Result "1-0"]
[WhiteElo "1848"]
[BlackElo "1331"]
[PlyCount "69"]
[EventDate "2022.07.08"]
[EventType "swiss"]
[EventRounds "7"]
[EventCountry "COL"]
[SourceTitle "CBM 209 Extra"]
[Source "ChessBase"]
[SourceDate "2022.09.30"]
[SourceVersion "1"]
[SourceVersionDate "2022.09.30"]
[SourceQuality "1"]

1. d4 Nf6 2. c4 e6 3. Nc3 Bb4 4. f3 0-0 5. a3 Bxc3+ 6. bxc3 d5 7. cxd5 exd5 8. e3 Bf5 9. Bd3 Bxd3 10. Qxd3 Re8 11. Ne2 c6 12. 0-0 Nbd7 13. Ra2 Nb6 14. Ng3 Qd7 15. Raf2 h6 16. e4 Nc4 17. e5 Nh7 18. f4 f6 19. Nf5 Qf7 20. Rf3 Kh8 21. Rg3 Rg8 22. Rff3 Nf8 23. Rg4 Ne6 24. Rh3 Nf8 25. Nxh6 gxh6 26. Rxh6+ Nh7 27. Rgh4 Rg7 28. exf6 Rag8 29. fxg7+ Rxg7 30. f5 Qg8 31. Qh3 Nd6 32. Bf4 Nf7 33. f6 Nxh6 34. fxg7+ Qxg7 35. Be5 1-0

[Event "Medellin Aristizabal Cup"]
[Site "Medellin"]
[Date "2022.07.08"]
[Round "1"]
[White "Martinez, Mauricio"]
[Black "Perez Tangarife, Simon"]
[Result "1/2-1/2"]
[WhiteElo "1898"]
[BlackElo "1331"]
[PlyCount "68"]
[EventDate "2022.07.08"]
[EventType "swiss"]
[EventRounds "7"]
[EventCountry "COL"]
[SourceTitle "CBM 209 Extra"]
[Source "ChessBase"]
[SourceDate "2022.09.30"]
[SourceVersion "1"]
[SourceVersionDate "2022.09.30"]
[SourceQuality "1"]

1. e4 Nf6 2. Nc3 d5 3. exd5 Nxd5 4. Bc4 e6 5. Qf3 Nxc3 6. Qxc3 Nc6 7. a3 Qg5 8. Qg3 Qxg3 9. hxg3 Nd4 10. Bd3 g6 11. Ne2 Bg7 12. Nxd4 Bxd4 13. c3 Bg7 14. Bb5+ Bd7 15. Bxd7+ Kxd7 16. d4 Kc6 17. Bf4 Rac8 18. 0-0-0 h5 19. Rhe1 Rhd8 20. Kc2 b5 21. Be5 Bxe5 22. Rxe5 Rd5 23. Rxd5 Kxd5 24. Re1 f6 25. Kd3 Re8 26. f3 e5 27. b3 a6 28. Re2 f5 29. dxe5 Rxe5 30. c4+ bxc4+ 31. bxc4+ Kd6 32. Rxe5 Kxe5 33. f4+ Kd6 34. Kd4 c5+ 1/2-1/2

[Event "Medellin U2000 op"]
[Site "Medellin"]
[Date "2022.05.22"]
[Round "7"]
[White "Perez Tangarife, Simon"]
[Black "Ramos, Jorge Andres"]
[Result "0-1"]
[WhiteElo "1331"]
[BlackElo "1720"]
[PlyCount "69"]
[EventDate "2022.05.18"]
[EventType "swiss"]
[EventRounds "7"]
[EventCountry "COL"]
[SourceTitle "CBM 208 Extra"]
[Source "ChessBase"]
[SourceDate "2022.07.31"]
[SourceVersion "1"]
[SourceVersionDate "2022.07.31"]
[SourceQuality "1"]

1. c4 Nf6 2. g3 e6 3. Bg2 d5 4. d4 Bb4+ 5. Bd2 Be7 6. Nc3 0-0 7. cxd5 exd5 8. Nf3 c6 9. 0-0 Nbd7 10. Rc1 Re8 11. a3 Ne4 12. Qc2 f5 13. b4 a5 14. Qb3 axb4 15. axb4 Bf6 16. e3 Nb6 17. b5 Nc4 18. bxc6 bxc6 19. Rfd1 Ra3 20. Qb8 Ncxd2 21. Rxd2 Rxc3 22. Rxc3 Nxc3 23. Rc2 Qa5 24. Qd6 Qa4 25. Ne1 Qa1 26. Qxc6 Qxe1+ 27. Bf1 Rd8 28. Rxc3 h6 29. Kg2 Qb1 30. Bd3 Qb4 31. Rc5 Kh8 32. h4 Qb8 33. h5 Be7 34. Rb5 Qd6 35. Qc2 0-1

[Event "COL-ch U14"]
[Site "Bucaramanga"]
[Date "2022.05.08"]
[Round "8"]
[White "Roa Beleno, Matias Fernando"]
[Black "Perez Tangarife, Simon"]
[Result "1-0"]
[WhiteElo "1166"]
[BlackElo "1331"]
[PlyCount "65"]
[EventDate "2022.05.04"]
[EventType "swiss"]
[EventRounds "9"]
[EventCountry "COL"]
[SourceTitle "EXT 2023"]
[Source "ChessBase"]
[SourceDate "2022.10.05"]
[SourceVersion "1"]
[SourceVersionDate "2022.10.05"]
[SourceQuality "1"]

1. d4 Nf6 2. Bf4 d5 3. e3 c5 4. c3 Qb6 5. Qb3 c4 6. Qc2 g6 7. b3 Bf5 8. Qb2 a5 9. Nd2 a4 10. Be2 Ne4 11. Ngf3 axb3 12. axb3 Rxa1+ 13. Qxa1 cxb3 14. 0-0 Nc6 15. Nxe4 Bxe4 16. Nd2 Bc2 17. Qb2 Na5 18. Rc1 Qc6 19. Bf3 e6 20. Bg5 Bg7 21. Qa3 Qc7 22. Ra1 b6 23. Be2 f6 24. Bb5+ Kf7 25. Bf4 Qxc3 26. Qd6 Qxa1+ 27. Nf1 g5 28. Qd7+ Kg6 29. g4 b2 30. Qxe6 b1Q 31. Be8+ Rxe8 32. Qxe8+ Kh6 33. Qh5# 1-0

[Event "Medellin Easter op 10th"]
[Site "Medellin"]
[Date "2022.04.17"]
[Round "8"]
[White "Perez Tangarife, Simon"]
[Black "Care Garcia, Jose Joaquin"]
[Result "1-0"]
[WhiteElo "1243"]
[BlackElo "1779"]
[PlyCount "77"]
[EventDate "2022.04.13"]
[EventType "swiss"]
[EventRounds "8"]
[EventCountry "COL"]
[SourceTitle "CBM 207 Extra"]
[Source "ChessBase"]
[SourceDate "2022.05.31"]
[SourceVersion "1"]
[SourceVersionDate "2022.05.31"]
[SourceQuality "1"]

1. e4 e5 2. Nf3 Nf6 3. Nc3 Bb4 4. Nxe5 0-0 5. d3 Re8 6. Nf3 d5 7. Bd2 Bxc3 8. bxc3 dxe4 9. dxe4 Nxe4 10. Be2 Bg4 11. h3 Bxf3 12. gxf3 Nxd2 13. Qxd2 Nc6 14. 0-0-0 Qxd2+ 15. Rxd2 Rad8 16. Rhd1 Rxd2 17. Rxd2 Rd8 18. Bd3 Kf8 19. Re2 Re8 20. Re3 Ne7 21. Be4 c6 22. c4 Ng6 23. Bxg6 Rxe3 24. fxe3 hxg6 25. Kd2 Ke7 26. Kd3 Kd6 27. Kd4 b6 28. h4 f6 29. f4 f5 30. e4 fxe4 31. Kxe4 Kc5 32. f5 Kd6 33. fxg6 Ke6 34. Kf4 Kf6 35. h5 a6 36. c3 a5 37. a4 c5 38. Kg4 Ke7 39. Kf5 1-0

[Event "Medellin Easter op 10th"]
[Site "Medellin"]
[Date "2022.04.14"]
[Round "3"]
[White "Pinilla Rozo, Maria Alejandra"]
[Black "Perez Tangarife, Simon"]
[Result "1-0"]
[WhiteElo "1600"]
[BlackElo "1243"]
[PlyCount "61"]
[EventDate "2022.04.13"]
[EventType "swiss"]
[EventRounds "8"]
[EventCountry "COL"]
[SourceTitle "CBM 207 Extra"]
[Source "ChessBase"]
[SourceDate "2022.05.31"]
[SourceVersion "1"]
[SourceVersionDate "2022.05.31"]
[SourceQuality "1"]

1. e4 Nf6 2. Nc3 d5 3. exd5 Nxd5 4. Nxd5 Qxd5 5. Nf3 g6 6. d4 Bg7 7. Be2 c5 8. c4 Qd8 9. Be3 Qc7 10. 0-0 0-0 11. Qd2 Rd8 12. d5 e6 13. Bf4 Qb6 14. Be5 f6 15. Bc3 Na6 16. Ba5 Qd6 17. Bxd8 Qxd8 18. Rad1 Qd6 19. dxe6 Qxe6 20. Qd5 f5 21. Ng5 Qxd5 22. Rxd5 Bf6 23. f4 Nb4 24. Rd2 Nxa2 25. Bf3 Bd4+ 26. Kh1 Be3 27. Rd8+ Kg7 28. Bd5 Nb4 29. Rg8+ Kh6 30. Nf7+ Kh5 31. Bf3+ 1-0